Statistics for Eurovision Song Lyrics - Malta

Click here to take the quiz!

General Stats

  • This quiz has been taken 9 times
  • The average score is 170 of 246

Answer Stats

Answer% Correct
a
100%
be
100%
better
100%
(Dance,
100%
(Dance)
100%
dance?
100%
dance,
100%
dance)
100%
dance
100%
feel
100%
hey,
100%
I
100%
in
100%
my
100%
sweater
100%
wanna
100%
When
100%
you,
100%
You
100%
you
100%
Do
86%
say?
86%
The
86%
the
86%
But
71%
is
71%
know
71%
know?
71%
song
71%
this
71%
wait,
71%
Wait
71%
what
71%
And
57%
and
57%
I'm
57%
it
57%
Radio,
57%
been
43%
bit
43%
go
43%
It's
43%
it's
43%
little
43%
lost,
43%
oh
43%
on
43%
party,
43%
party
43%
stereo,
43%
up,
43%
up
43%
ah!)
29%
anxiety
29%
can
29%
Can
29%
for
29%
get
29%
getting
29%
loud?
29%
me,
29%
Might
29%
much
29%
now
29%
of
29%
Our
29%
our
29%
(Our
29%
own
29%
play
29%
social
29%
songs
29%
speak
29%
too
29%
(Yeah)
29%
you're
29%
Another
14%
can't
14%
did
14%
drew
14%
drinks
14%
faces
14%
first
14%
focus,
14%
Fucked
14%
Gaga
14%
gone
14%
got
14%
groove
14%
If
14%
I'll
14%
indoor
14%
keen,
14%
lifting
14%
moment
14%
night
14%
offer
14%
or
14%
outside
14%
real
14%
save
14%
shoes
14%
should
14%
some
14%
tease
14%
tension
14%
try,
14%
very
14%
would've
14%
suck
0%

Score Distribution

Percentile by Number Answered

Percent of People with Each Score

Your Score History

You have not taken this quiz